000
00248nam a22001097a 4500
082
_a
621.89 BRE'B
100
_a
BREWEN, ALLEN F
_9
58749
245
_a
BASIC LUBRICATION PRACTICE
260
_a
NEWYORK
_b
REINHOLD
_c
1955
300
_a
286P
942
_c
BK
999
_c
568869
_d
568869